000 00578nam a22002177a 4500
999 _c20116
_d20116
005 20191217042722.0
008 2018 e1978 ck ||||| |a|| d0| 0 spa d
040 _aCO-BoIAVH
_cCO-BoIAVH
041 _aspa
044 _ack
090 _aMC
_b0363
110 1 _aInderena
_912933
245 1 _aMapa general de bosques del centro y norte del Choco y Urabá:
_bcuenca del Atrato
255 _aa Escala [1:250.000]
260 _aBogotá
_bInderena
_c1978
300 _a2 mapas
710 _aFao
_950881
710 _aPnud
_923135
710 _aConif
_990594
942 _2z
_cMapa